| 000 | 00894nam a2200289 a 4500 | ||
|---|---|---|---|
| 001 | 62350 | ||
| 003 | BD-RjUL | ||
| 005 | 20211209081054.0 | ||
| 008 | 170123s1946 nyu 001 0 eng d | ||
| 035 | _aBD-RjUL 62476 | ||
| 035 | _a(OCoLC)17159965 | ||
| 035 | _aGLIS00525659 | ||
| 040 |
_aMNT _cMNT _dRCD _beng |
||
| 041 | _aeng | ||
| 082 |
_223 _a808.2 _bBEP 1946 |
||
| 090 |
_aPN1851 _b.B477 |
||
| 099 | _aPN1851.B477 | ||
| 100 | 1 |
_aBentley, Eric, _d1916- _9185027 |
|
| 245 | 1 | 4 |
_aThe playwright as thinker : _ba study of drama in modern times / _cEric Bentley. |
| 260 |
_aNew York : _bHarcourt, Brace, _c1946 |
||
| 300 |
_axxv, 290 p. ; _c22 cm. |
||
| 504 | _aIncludes bibliographical references and index. | ||
| 650 | 0 |
_aDrama _y19th century _xHistory and criticism. _9185463 |
|
| 650 | 0 |
_aDrama _y20th century _xHistory and criticism. _9185074 |
|
| 942 |
_2ddc _cBK |
||
| 949 | _aMYGH | ||
| 999 |
_c62350 _d62350 |
||